000 02014cam a22004814i 4500
003 PE-LiUPU
005 20250731180127.0
008 150625s r 000 0 d
035 _a(Sirsi) a32616
040 _aPE-LiUPU
_bspa
_cPE-LiUPU
_erda
082 0 4 _a572.7
_bG26
_221
100 1 _aCarrion Cachot De Girard, Rebeca,
_eautor.
245 1 3 _aLa Religión en el Antiguo Perú /
_cRebeca Carrión Cachot De Girard.
264 1 _aLima :
_b1959.
300 _a147 páginas :
_bilustraciones ;
_c24 cm.
336 _atext
_2rdacontent
337 _aunmediated
_2rdamedia
338 _avolume
_2rdacarrier
505 0 _aCulto al sol y a la luna.representaciones de la pareja divina y el fenomeno de fertilizacion de la tierra. -culto a la serpiente,simbolo de la tenpestad y del rayo,o deidad suprema.los sacrificios de llamas.los agentes zoomorfos.el Dios de la fertilidad. -el Dios solar o Dios del maiz. -la pareja solar - lunar protectora del maiz. -el dios dewl maiz en la iconografia casma,chimu. -la diosa luna o diosa tierra. -agentes sacrificadores de los dioses. -sacrificios realizados por una trilogia de aves miticas. -los dioses agricolas y las cosechas. -conclusiones generales.
526 _aSEG44
526 _aSEG26
526 _aP159
526 _aP155
526 _aP154
526 _aP153
526 _aP150
526 _aP100
526 _aP31
526 _aP30
526 _aP26
526 _aP25
526 _aP24
526 _aP22
526 _aP15
526 _aP10
650 0 4 _aPerú
_xHistoria
_yÉpoca antigua
_xReligión.
910 _a
942 _2ddc
_cBOOK
949 _a572.7 G26
_wDEWEY
_c1
_i12828
_lCCODEBUL1
_mBUL
_p00.00
_r0
_sY
_tBOOK
_u2015-06-25
_xBIBLIOTECA
_zUNKNOWN
_0COMPRA
_o.STAFF. Colección General
596 _a1
999 _a572.7 G26
_wDEWEY
_c40288
_i12828
_f2021-11-12
_g5
_lCCODEBUL1
_mBUL
_r0
_sY
_tBOOK
_u2015-6-25
_xTEOLOGIA
_zUNKNOWN
_0COMPRA
_o.STAFF. Colección General
_d40288
980 _81
_gALBERTO SANCHEZ Responsable de Automatización